ELEVENTH INTERNATIONAL CONFERENCE IN ORGANIC COATINGS SCIENCE AND TECHNOLOGY, ADVANCES IN ORGANIC COATINGS SCIENCE AND TECHNOLOGY SERIES (Record no. 574955)

000 -LEADER
fixed length control field 00398nam a22001217a 4500
020 ## - INTERNATIONAL STANDARD BOOK NUMBER
International Standard Book Number 87762-525-5
082 ## - DEWEY DECIMAL CLASSIFICATION NUMBER
Classification number 667.9 ELE'P
100 ## - MAIN ENTRY--PERSONAL NAME
Personal name PATSIS, ANGELOS V
9 (RLIN) 67106
245 ## - TITLE STATEMENT
Title ELEVENTH INTERNATIONAL CONFERENCE IN ORGANIC COATINGS SCIENCE AND TECHNOLOGY, ADVANCES IN ORGANIC COATINGS SCIENCE AND TECHNOLOGY SERIES
250 ## - EDITION STATEMENT
Edition statement VOL-9,13, 12, 11
260 ## - PUBLICATION, DISTRIBUTION, ETC.
Place of publication, distribution, etc. BASEL
Name of publisher, distributor, etc. TECHNOMIC
Date of publication, distribution, etc. 1987
942 ## - ADDED ENTRY ELEMENTS (KOHA)
Koha item type Book
Holdings
Withdrawn status Lost status Damaged status Not for loan Permanent Location Current Location Shelving location Date acquired Total Checkouts Full call number Barcode Date last seen Price effective from Koha item type
        College of Electrical & Mechanical Engineering (CEME) College of Electrical & Mechanical Engineering (CEME) General Stacks 08/01/2017   667.9 ELE'P CEME-27403 06/28/2021 06/28/2021 Book
        College of Electrical & Mechanical Engineering (CEME) College of Electrical & Mechanical Engineering (CEME) General Stacks 08/01/2017   667.9 ELE'P CEME-27402 06/28/2021 06/28/2021 Book
        College of Electrical & Mechanical Engineering (CEME) College of Electrical & Mechanical Engineering (CEME) General Stacks 08/01/2017   667.9 ELE'P CEME-27404 06/28/2021 06/28/2021 Book
        College of Electrical & Mechanical Engineering (CEME) College of Electrical & Mechanical Engineering (CEME) General Stacks 08/01/2017   667.9 ELE'P CEME-27405 06/28/2021 06/28/2021 Book
© 2023 Central Library, National University of Sciences and Technology. All Rights Reserved.